Organometallic chemistry
Saved in:
| Main Author: | |
|---|---|
| Other Authors: | |
| Format: | Book |
| Language: | English |
| Published: |
New Jersey :
Prentice-Hall,
1997
|
| Subjects: | |
| Tags: |
Add Tag
No Tags, Be the first to tag this record!
|
MARC
| LEADER | 00000nam a2200000 i 4500 | ||
|---|---|---|---|
| 001 | 1/9399 | ||
| 008 | 970910s1997 eng d | ||
| 020 | |a 0-13-640178-3 | ||
| 035 | |1 ΠΑΡ |a 1997 |l 10017457 | ||
| 040 | |a GR-MY-UA |b gre |e aacr | ||
| 041 | 0 | |a eng | |
| 082 | 0 | |a 547.05 | |
| 100 | 1 | |a Spessard, Gary O. | |
| 245 | 1 | 0 | |a Organometallic chemistry / |c Gary O. Spessard, Gary L. Miessler |
| 260 | |a New Jersey : |b Prentice-Hall, |c 1997 | ||
| 300 | |a 561 p. | ||
| 504 | |a Includes index | ||
| 650 | 0 | 0 | |a Organometallic chemistry. |
| 700 | 1 | |a Miessler, Gary L. |d 1949- | |
| 852 | |a INST |b LESVOS |e 19970910 |h 547.05 SPE |p 005100010796 |q 005100010796 |t BK |y 0 | ||
| 909 | |a Λ |b 050809 | ||
| 950 | |a 064-1996-10-18 | ||